000
00158nam a2200073Ia 4500
008
170620s9999 xx 000 0 und d
100
_a
CHAUDHARY
245
0
_a
MULUA SHIKSHA
260
_b
APH PU
999
_c
26215
_d
26215